000 00521nam a2200193Ia 4500
003 GCL
005 20240530095746.0
008 140319s9999 xx 000 0 eng d
040 _aGCL /
_cGCL
082 0 4 _a306.2091724
_bK P
100 1 _aKRMRAVA, MEBRAN
245 1 0 _aPOLITICS AND SOCIETY IN THE THIRD WORLD /
_cKRMRAVA, MEBRAN
260 _a[S.N] :
_bROUTLEDGE ،
_c1993
300 _a251 P
650 0 4 _aECONOMIC CONDITIONS
650 0 4 _aSOCIAL CONDITIONS
650 0 4 _aDEVELOPING COUNTRIES
942 _2ddc
_cBK
999 _c10341
_d10341